Score 0/30 Timer 04:00
3 Plays Today
% Correct
Dwarfs
89.3%
Trivial Pursuit Categories
88.6%
Three Little Pigs Building Materials
88.5%
Canals
87.4%
Inside Out Emotions
86.8%
Central American Countries
86.4%
Tennis Scores
85.8%
Gymnastics Events
85.8%
Tigers
85.4%
Capes
83.5%
California Cities
81.7%
London Neighborhoods
81.2%
Julia Roberts Movies
78.2%
Vacuum Cleaners
78%
Dams
77.9%
% Correct
Las Vegas Casinos
77.4%
Alphabets
77.3%
Coats
71.2%
Catan Resources
69.8%
Currencies
68.4%
Bays
68%
Jewish Holidays
68%
Fruits of the Spirit
64.3%
Salmon
62.8%
Volkswagen Models
62.2%
Winds
61.3%
Top 300 Girls Names
54.4%
Diamonds
53.5%
Egyptian Cities
51.6%
Swine
38.3%
Come Together.
Have Fun.
All Virtual.
We all need to come together. Play Sporcle's virtual live trivia to have fun, connect with people, and get your trivia on. Join a live hosted trivia game for your favorite pub trivia experience done virtually. If a virtual private party is more your thing, go here for details.

You're not logged in!

Compare scores with friends on all Sporcle quizzes.
OR
Log In

Sporcle TV

Today on Sporcle TV


Watch our educational content, quiz creation guides, and fun videos on Sporcle TV.

Show Comments

Extras

Top Quizzes Today


Score Distribution

Paid Content

Your Account Isn't Verified!

In order to create a playlist on Sporcle, you need to verify the email address you used during registration. Go to your Sporcle Settings to finish the process.

Report this User

Report this user for behavior that violates our Community Guidelines.

Details: